Parqueo nuestro de cada día / (Registro nro. 8163)

Detalles MARC
000 -LIDER
fixed length control field 02050nam a2200385 a 4500
001 - NÚMERO DE CONTROL
Identificador de número de control 000030431
003 - IDENTIFICACDOR DE NÚMERO DE CONTROL
control field DO-SdBNP
005 - DATE AND TIME OF LATEST TRANSACTION
control field 20180213133330.0
007 - CAMPOS FIJOS DE DESCRIPCIÓN FÍSICA
fixed length control field 000030431
008 - ELEMENTOS DE LONGITUD FIJA
fixed length control field 110517s2011 dr ac 001 0 spa d
020 ## - ISBN
International Standard Book Number 9789945164138
040 ## - FUENTE DE CATALOGACIÓN
Agencia que crea de manera original el registro BPMSU
Idioma de catalogación spa
Agencia que realiza la transcripción BPMSU
092 ## - LOCALLY ASSIGNED DEWEY DECIMAL CALL NUMBER
Número de clasificación 338.474
Número de ítem (Cutter) S715p
100 1# - ASIENTO PRINCIPAL -- NOMBRE PERSONAL
Nombre personal Sosa, José Rafael
245 10 - MENCIÓN DE TITULO
Título Parqueo nuestro de cada día /
Mención de responsabilidad José Rafael Sosa ; colaboradores Omar Rancier, Marcos Barinas, José Emilio Brea García, Leyda Brea y Lorenzo Gómez Martín.
260 ## - PUBLICACIÓN, DISTRIBUCIÓN, ETC. (PIE DE IMPRENTA)
Lugar de publicación, distribución, etc Santo Domingo :
Nombre del editor, distribuidor, etc. Alas,
Fecha de publicación, distribución, etc 2011.
300 ## - DESCRIPCIÓN FÍSICA
Extensión 127 p.
-- il., retrs. ;
Dimensiones 22 cm.
505 0# - NOTA DE CONTENIDO
Título Oración del buen parqueo --
-- Introito: Cuando me estaciono --
-- Previo a todo --
-- Prólogo: ¿Estacionar o parquear? /
Mención de responsabilidad José Emilio Brea García --
Título Getting there is half the fun /
Mención de responsabilidad Marcos Barinas --
Título Estacionemos /
Mención de responsabilidad Omar Rancier --
Título Violencia psicológica y urbana: la lucha por el parqueo adopta formas, a veces, absurda --
-- Los parqueos privados: los mejores, los peores --
-- 15 tipos de parquedores: ¿Son un mal necesario? --
-- Testimonios: Cuando el parqueo es una pesadilla --
-- "No somos responsables":¿Si o no son responsables...? --
-- Para aprender a estacionar: Decálogo para aprender a parquear --
-- La inspiración al conducir --
Información miscelánea Documentos anexos:
Título La ideología social del automóvil --
-- Una solución legislativa.
650 #4 - ENCABEZAMIENTO DE MATERIA--TEMÁTICO
Término temático o nombre geográfico como elemento de entrada SERVICIOS DE PARQUEO
650 #4 - ENCABEZAMIENTO DE MATERIA--TEMÁTICO
Término temático o nombre geográfico como elemento de entrada ESTACIONAMIENTO DE AUTOMÓVILES
650 #4 - ENCABEZAMIENTO DE MATERIA--TEMÁTICO
Término temático o nombre geográfico como elemento de entrada PARQUEADEROS
700 1# - ASIENTO SECUNDARIO -- NOMBRE PERSONAL
Nombre personal Rancier, Omar,
Mención de responsabilidad col.
700 1# - ASIENTO SECUNDARIO -- NOMBRE PERSONAL
Nombre personal Barinas, Marcos,
Mención de responsabilidad col.
700 1# - ASIENTO SECUNDARIO -- NOMBRE PERSONAL
Nombre personal Brea García, José Emilio,
Mención de responsabilidad col.
700 1# - ASIENTO SECUNDARIO -- NOMBRE PERSONAL
Nombre personal Brea, Leyda,
Mención de responsabilidad col.
700 1# - ASIENTO SECUNDARIO -- NOMBRE PERSONAL
Nombre personal Gómez Marín, Lorenzo,
Mención de responsabilidad col.
910 ## - VALIDACIÓN
Validación Validado. Control de calidad EMS
930 #1 - EQUIVALENCE OR CROSS-REFERENCE-UNIFORM TITLE HEADING [LOCAL, CANADA]
Language of a work BND01
Medium of performance for music LF1
Medium 338.474
Field link and sequence number 20110517
Date of a work 04
Name of part/section of a work HD
Miscellaneous information 24932
Medium e. 3
942 ## - ADDED ENTRY ELEMENTS (KOHA)
Source of classification or shelving scheme Dewey Decimal Classification
Koha item type Libros
945 ## - INFORMACIÓN DE PROCESAMIENTO LOCAL
Información de procesamiento local Inventariado, 2018/ YL
956 ## - LOCAL ELECTRONIC LOCATION AND ACCESS (OCLC)
Nombre de host ARIVERA
Número de acceso 10
Información de compresión 20110523
Inicio de sesión BND01
Procesador de solicitud 1016
956 ## - LOCAL ELECTRONIC LOCATION AND ACCESS (OCLC)
Nombre de host BTAVAREZ
Número de acceso 10
Información de compresión 20120417
Inicio de sesión BND01
Procesador de solicitud 1424
956 ## - LOCAL ELECTRONIC LOCATION AND ACCESS (OCLC)
Nombre de host EMARRERO
Número de acceso 40
Información de compresión 20120502
Inicio de sesión BND01
Procesador de solicitud 0057
956 ## - LOCAL ELECTRONIC LOCATION AND ACCESS (OCLC)
Nombre de host VMATEO
Número de acceso 10
Información de compresión 201500811
Inicio de sesión BPMSU
Procesador de solicitud 00151
Existencias
Withdrawn status Lost status Source of classification or shelving scheme Damaged status Not for loan Collection code Home library Current library Date acquired Total Checkouts Barcode Date last seen Price effective from Koha item type Source of acquisition Copy number
    Dewey Decimal Classification     Colección Dominicana Biblioteca Pública Metropolitana Salomé Ureña Biblioteca Pública Metropolitana Salomé Ureña 11/01/2017   BPMSU17110020 11/01/2017 11/01/2017 Libros    
    Dewey Decimal Classification     Colección Dominicana Biblioteca Pública Metropolitana Salomé Ureña Biblioteca Pública Metropolitana Salomé Ureña 02/13/2018   BPMSU18020136 02/13/2018 02/13/2018 Libros Sin sellar e. 2